| 000 | 00552nam a2200229Ia 4500 | ||
|---|---|---|---|
| 003 | AR-RoIUNI | ||
| 005 | 20170606102012.0 | ||
| 008 | 150630s9999 xx 000 0 und d | ||
| 040 |
_dOCLC _cIUNIR |
||
| 080 | _a616.12-008.1 | ||
| 100 | _aSerna De La, Fernando;Prof.Dr. | ||
| 245 | _aInsuficiencia cardíaca crónica.- | ||
| 245 | _bRevisión Bibliográfica.- | ||
| 245 | _cBiblioteca HIG | ||
| 260 | _as.l. | ||
| 260 | _bFAC | ||
| 260 | _c1999.- | ||
| 300 | _a287p.- | ||
| 300 | _c25cm.- | ||
| 650 | _aCARDIOLOGÍA | ||
| 942 |
_cBK _2cdu _n1 |
||
| 999 |
_c2292 _d2292 |
||